Vista normal
Vista MARC
Entrada Materia (tema)
Número de registros utilizados en: 1
001 - CONTROL NUMBER
- control field: 184264
003 - CONTROL NUMBER IDENTIFIER
- control field: Co-BoUCM
005 - DATE AND TIME OF LATEST TRANSACTION
- control field: 20250211074202.0
008 - FIXED-LENGTH DATA ELEMENTS
- fixed length control field: 250211|| aca||aabn | a|a d
040 ## - CATALOGING SOURCE
- Original cataloging agency: Co-BoUCM
- Transcribing agency: Co-BoUCM
150 ## - HEADING--TOPICAL TERM
- Topical term or geographic name as entry element: Negros
- General subdivision: Identidad racial
- General subdivision: Intelectualidad
- Chronological subdivision: 1877- 1944
- Geographic subdivision: Colombia
670 ## - SOURCE DATA FOUND
- Source citation: Work cat.: (Co-BoUCM): Flórez Bolívar, Francisco Javier 184263, La vanguardia intelectual y política de la nación, 2023